Beato Giacomo Alberione (Record n. 104225)
[ formato base ]
| 000 -LEADER | |
|---|---|
| fixed length control field | 00794nam a22001817a 4500 |
| 003 - CONTROL NUMBER IDENTIFIER | |
| control field | IT-RoPau |
| 005 - DATE AND TIME OF LATEST TRANSACTION | |
| control field | 20220918181219.0 |
| 008 - FIXED-LENGTH DATA ELEMENTS--GENERAL INFORMATION | |
| fixed length control field | 131216b xxu||||| |||| 00| 0 eng d |
| 040 ## - CATALOGING SOURCE | |
| Transcribing agency | IT-RoPau |
| 100 ## - MAIN ENTRY--PERSONAL NAME | |
| Personal name | Pérez, José Antonio |
| 9 (RLIN) | 5586 |
| 245 ## - TITLE STATEMENT | |
| Title | Beato Giacomo Alberione |
| Remainder of title | Una luce per comunicare il Vangelo |
| 250 ## - EDITION STATEMENT | |
| Edition statement | I |
| 260 ## - PUBLICATION, DISTRIBUTION, ETC. (IMPRINT) | |
| Place of publication, distribution, etc. | Torino |
| Name of publisher, distributor, etc. | Editrice Velar |
| Date of publication, distribution, etc. | 2013 |
| 300 ## - PHYSICAL DESCRIPTION | |
| Extent | 48 pp. |
| Dimensions | 20,5 cm |
| 490 ## - SERIES STATEMENT | |
| Series statement | Editrice Velar - Elledici |
| 520 ## - SUMMARY, ETC. | |
| Summary, etc. | Indice<br/><br/>Presentazione<br/>Introduzione<br/>Le prime luci dell'alba e la notte santa della luce<br/>Il Signore non spreca la luce<br/>Verso mezzogiorno splendente<br/>L'urgenza di illuminare<br/>Irradiare Gesù Cristo Maestro, Via, Verità e Vita<br/>Verso la luce eterna, per continuare a illuminare il mondo<br/>Un'eredità luminosa<br/>Preghiera |
| 942 ## - ADDED ENTRY ELEMENTS (KOHA) | |
| Source of classification or shelving scheme | Dewey Decimal Classification |
| Koha item type | LIBRO |
| Withdrawn status | Lost status | Source of classification or shelving scheme | Damaged status | Not for loan | Home library | Current library | Date acquired | Total Checkouts | Full call number | Date last seen | Price effective from | Koha item type |
|---|---|---|---|---|---|---|---|---|---|---|---|---|
| Dewey Decimal Classification | Buone Condizioni | Not For Loan | PAULUS-BIBLIOTECA | PAULUS-BIBLIOTECA | 16/12/2013 | P B2 | 16/12/2013 | 16/12/2013 | LIBRO |